| 000 | 00926nac a22002891i 4500 | ||
|---|---|---|---|
| 003 | EG-ScBUE | ||
| 005 | 20240606110342.0 | ||
| 008 | 100511s2003 enka f d 001 0 eng d | ||
| 020 | _a1405312629 | ||
| 020 | _a9781405312622 | ||
| 040 |
_aEG-ScBUE _beng _erda _cEG-ScBUE _dEG-ScBUE |
||
| 082 | 0 | 4 |
_a940.3 _bWIL _222 |
| 100 | 1 |
_aWillmott, H.P., _eauthor. _913859 |
|
| 245 | 1 | 0 |
_aWorld War II / _cH.P. Willmott, Robin Cross, Charles Messenger. |
| 264 | 1 |
_aLondon : _bDk, _c2003. |
|
| 300 |
_a319 pages : _bcolor illustrations ; _c25 cm |
||
| 336 |
_2rdacontent _atext _btxt |
||
| 337 |
_aunmediated _2rdamedia _bn |
||
| 338 |
_avolume _bnc _2rdacarrier |
||
| 500 | _aIncludes Index. | ||
| 500 | _aIncludes glossary. | ||
| 650 | 7 |
_aWorld War, 1939-1945. _2BUEsh _913860 |
|
| 655 | _vReading book | ||
| 700 | 1 |
_aCross, Robin, _eauthor. _913861 |
|
| 700 | 1 |
_aMessenger, Charles, _eauthor. _913862 |
|
| 942 |
_cBB _2ddc |
||
| 999 |
_c2826 _d2826 |
||